| 000 | 00397nam a2200145Ia 4500 | ||
|---|---|---|---|
| 008 | 210210b2001 xxu||||| |||| 00| 0 eng d | ||
| 082 | _a574.02 MCCK | ||
| 100 | _aMCC Publications. | ||
| 245 | _aKarnataka common entrance test 2001: biology. | ||
| 260 |
_aBangalore. _bMCC Publications., _c2001 |
||
| 300 | _a492 | ||
| 650 | _aMCC, CET Biology | ||
| 690 | _aBiology Entranc | ||
| 906 | _a05645 | ||
| 999 |
_c103615 _d103615 |
||